[Event "Parla 25 Jubilee op"]
[Site "Parla"]
[Date "2008.09.12"]
[Round "7"]
[White "Ballesteros Gonzalez, David"]
[Black "Jurado Rodriguez, Wilfredo"]
[Result "1-0"]
[WhiteElo "2285"]
[BlackElo "2030"]
[PlyCount "111"]
[EventDate "2008.09.06"]
[EventType "swiss"]
[EventRounds "9"]
[EventCountry "ESP"]
[SourceTitle "CBM 126 Extra"]
[Source "ChessBase"]
[SourceDate "2008.11.05"]
[SourceVersion "1"]
[SourceVersionDate "2008.11.05"]
[SourceQuality "1"]

1. d4 Nf6 2. Nf3 g6 3. g3 Bg7 4. Bg2 0-0 5. 0-0 d6 6. c4 c5 7. d5 a6 8. Nc3 Nbd7 9. Bd2 Rb8 10. a4 Ng4 11. Qb3 Qb6 12. Qc2 Nge5 13. Nxe5 Nxe5 14. b3 Qc7 15. Rab1 Nd7 16. f4 Re8 17. e4 Nf8 18. Rfe1 e5 19. f5 f6 20. h4 Bd7 21. Bf1 Re7 22. g4 Qc8 23. Bh3 Qe8 24. Rf1 Rf7 25. Rf3 b5 26. axb5 axb5 27. Rbf1 bxc4 28. bxc4 Rb4 29. Qd3 Rb3 30. Qc2 Qb8 31. g5 Rb2 32. Qd3 Qd8 33. Kh1 Kh8 34. Nd1 Rb7 35. Nf2 Qe8 36. Qe2 Rb2 37. Nd1 Rxd2 38. Qxd2 gxf5 39. Bxf5 Bxf5 40. Rxf5 Ng6 41. gxf6 Bf8 42. h5 Nf4 43. Ne3 Qd7 44. Rg1 Qd8 45. Ng4 Qd7 46. Rg5 h6 47. Rf5 Kh7 48. Rxf4 exf4 49. Qxf4 Qc8 50. Kh2 Qd7 51. e5 dxe5 52. Qe4+ Kh8 53. Rg3 Bd6 54. Nxh6 Rf8 55. Rg7 Qe8 56. Qh7# 1-0